| Tag |
First Indicator |
Second Indicator |
Subfields |
| LEADER |
00000cam a2200000 4500 |
| 001 |
in00003863721 |
| 005 |
20190415191651.0 |
| 006 |
m o d |
| 007 |
cr |n||||||||n |
| 008 |
790719s1710 enk|||| o 00| ||eng c |
| 035 |
|
|
|a (CU-RivES)T42861
|
| 035 |
|
|
|a (Uk-ES)006243092
|
| 035 |
|
|
|a (OCoLC)508630949
|
| 040 |
|
|
|a Uk-ES
|c Uk-ES
|d CStRLIN
|d Cengage Gale
|d UtOrBLW
|
| 110 |
2 |
|
|a United Company of Insurers on Marriages, Births and Servitude.
|
| 245 |
1 |
0 |
|a Proposals by the United Company of Insurers on Marriages, Births and Servitude, at their office at the Green Lamp in Downing-Street, Westminster.
|
| 264 |
|
1 |
|a [London] :
|b [publisher not identified],
|c [1710?]
|
| 300 |
|
|
|a 1 online resource (4 pages)
|
| 336 |
|
|
|a text
|b txt
|2 rdacontent
|
| 337 |
|
|
|a computer
|b c
|2 rdamedia
|
| 338 |
|
|
|a online resource
|b cr
|2 rdacarrier
|
| 510 |
4 |
|
|a English Short Title Catalog,
|c T42861.
|
| 500 |
|
|
|a Reproduction of original from British Library.
|
| 500 |
|
|
|a Electronic resource.
|
| 650 |
|
0 |
|a Insurance
|z Great Britain
|v Early works to 1800.
|
| 650 |
|
0 |
|a Registers of births, etc.
|z Great Britain
|v Early works to 1800.
|
| 650 |
|
0 |
|a Marriage
|z Great Britain
|v Early works to 1800.
|
| 655 |
|
7 |
|a Electronic books.
|2 local
|
| 710 |
2 |
|
|a Gale (Firm)
|0 http://id.loc.gov/authorities/names/no2008071348
|
| 752 |
|
|
|a Great Britain
|b England
|d London.
|
| 856 |
4 |
0 |
|u http://proxy.library.tamu.edu/login?url=http://find.galegroup.com/ecco/infomark.do?contentSet=ECCOArticles&docType=ECCOArticles&bookId=1299705700&type=getFullCitation&tabID=T001&prodId=ECCO&docLevel=TEXT_GRAPHICS&version=1.0&source=library&userGroupName=txshracd2898
|z Connect to the full text of this electronic book
|t 0
|
| 999 |
f |
f |
|s f078ffe8-916d-3e61-9f22-42853f12dda2
|i dfeaf925-56a6-3cae-878c-2cc6cd5a8209
|t 0
|
| 952 |
f |
f |
|a Texas A&M University
|b College Station
|c Electronic Resources
|d Available Online
|t 0
|h No information provided
|
| 998 |
f |
f |
|t 0
|l Available Online
|